000 02308nam a2200457 c 4500
999 _c5652
_d5652
003 BLK
005 20241030135542.0
008 180412b bul|||||r ||||||| ||bul||
010 _aKNG00006852000
020 _a954-8320-01-0
040 _aBLK
041 _aBUL
_cBUL
080 _aВътрешни болести
_b616.1/.4
_x(075.8)
_z616.1/.4(075.8)
100 1 _aЦанев, Асен Николов
_eпърви автор
_9250370
139 _aЛечение на вътрешните болести
_bЛ 52
245 1 0 _aЛечение на вътрешните болести
_bУчебник за студенти по медицина и преподготовка на лекари
_cАсен Николов Цанев; Даниела Григорова Аврамова; Иван Стоянов Груев; Илия Любенов Попилиев; Константин Георгиев Чернев; Къньо Григоров Кънев; Мариета Петрова Георгиева; Никола Георгиев Александров; Никола Димитров Алексиев.
257 _aBGR
260 _bМагента
_c1993
_fВарна : Офсет експрес
_aСофия
300 _a278 с.
_bс табл.
_c29 см
380 _a61
500 _a1 500 тир.
650 4 _aВътрешни болести - терапия
_9250376
653 _aлечение
653 _aболести
653 _aвътрешни болести
700 _aАврамова, Даниела Григорова
_gлекар
_9250371
700 1 _aГруев, Иван Стоянов
_9250372
700 1 _aПопилиев, Илия Любенов
_9363844
700 1 _aЧернев, Константин Георгиев
_9250373
700 1 _aКънев, Къньо Григоров
_9363845
700 1 _aГеоргиева, Мариета Петрова
_9250374
700 1 _aАлександров, Никола Георгиев
_9250375
700 1 _aАлексиев, Никола Димитров
_9363846
852 _aЦб ІІ 8229
_bЦб
856 4 _qpdf
_u
856 4 _qpdf
_u
942 _cKNG
_n0
_s1
944 _aCR
_c15.01.2003
_k30560
_lГеновева Генчева
944 _aED
_c18.03.2004
999 _d5652